| 000 | 00900nas a2200277 4500 | ||
|---|---|---|---|
| 001 | BR2019001571 | ||
| 003 | BR-BrBNA | ||
| 005 | 20231205131933.0 | ||
| 007 | ta | ||
| 008 | 230509b bl.|||p| |||| 00| 00por d | ||
| 040 |
_aBR-BrBNA _bpor _cBiblioteca Nacional de Agricultura |
||
| 041 | _a(Pt) | ||
| 072 | _aP32; P33 | ||
| 100 | 1 | _aMelo, A.A.O. de | |
| 100 | 1 | _aLeão, A.C. | |
| 245 | 1 | _aEstudo morfológico, físico, químico e mineralógico de três perfis de solo cultivado com cacau numa vertente no Cepec, Bahia | |
| 650 | _aTHEOBROMA CACAO | ||
| 650 | _aSOLO | ||
| 650 | _aMINERALOGIA | ||
| 650 | _aGEOMORFOLOGIA | ||
| 650 | _aPROPRIEDADE FÍSICO-QUÍMICA | ||
| 773 | 0 |
_tRevista Theobroma (Brazil) _xISSN 0370-7962 _g(Apr-Jun 1988), v. 18(2) p. 83-93 _wBR2019001571 |
|
| 856 | 4 | 0 | _dLink DSPACE/MAPA BR2019001571 |
| 909 |
_a202311 _bLúcia _c55 _dLúcia Elande |
||
| 942 |
_2AGRIS _n0 _cANA |
||
| 999 |
_c257578 _d257578 |
||